000 00703nam a22002417a 4500
003 UA-OsUOA
001 126253
007 ta
008 20171013b un ||||| |||| 00| 0 ukr d
100 _aНиконенко Ю. П.
090 _a159.9(075.8)
_bН64
942 _cBK
040 _aUA-OsUOA
_bukr
_cUA-OsUOA
_dUA-OsUOA
245 _aОснови психологічної просвіти та профілактики
_bнавчально-методичний посібник
300 _a192 с.
955 _a2
041 _aukr
080 _a159.9(075.8)
020 _a978-966-373-831-4
260 _aК.
_bКНТ
_c2017
650 7 _a159.9 Психологія
_2UDC
999 _c413514
_d413514